01051nam a2200241 i 450000100060000000300090000600500170001500700030003200800410003501600170007602000180009304000200011108000210013110000190015224504530017125000260062426000360065030000220068649000220070870000240073083000220075485200330077615224ES-MaACL20230906151024.0t|000119s1999 sp ||||0| spa d7 zCHM920004960 a84-339-6628-6 aCHM bspa cCHM a821.133.1-31"19"1 aCohen, Albert.10aComeclavos b: apodado también dientes largos y ojo de Satán y Lord high life y sultán de los tosedores y cabeza hendida y pies negros y chistera y rey de los mentirosos y palabra de honor y casi abogado y embarullador de procesos y médico de lavativas y alma de interés y lleno de astucia y devorador de patrimonios y barba ahorquillada y padre de la mugre y capitán de los vientos / cAlbert Cohen ; traducción de Javier Albiñana. a1ª ed. en Compactos. aBarcelona : bAnagrama, c1999. a335 p. ; c21 cm.1 aCompactos ; v1971 aAlbiñana, Javier.0 aCompactos ; v197 aES-MaACLjL-22302 bR.127795